| 000 | 00879nmm a2200325 a 4500 | ||
|---|---|---|---|
| 003 | AR-BaBNM | ||
| 005 | 20251128211118.0 | ||
| 008 | 302120s1999 ||||||||||||||000 | spa|| | ||
| 020 | _a950-23-0813-1 | ||
| 040 | _cAR-BaBNM | ||
| 100 | 1 | _aCaraballo, Liliana | |
| 245 | 1 | 0 | _aDocumentos de historia argentina [1870-1955] |
| 250 | _a1ª ed. | ||
| 260 |
_aBuenos Aires _bEudeba _c1999 |
||
| 300 | 0 |
_a154 p. _bil. |
|
| 650 | 4 | _aHISTORIA ARGENTINA | |
| 650 | 4 | _aINMIGRACION EN ARGENTINA | |
| 650 | 4 | _aPRESIDENCIAS ARGENTINAS | |
| 650 | 4 | _aHISTORIA POLITICA ARGENTINA | |
| 650 | 4 | _aMOVIMIENTO OBRERO | |
| 650 | 4 | _aREVOLUCION DE 1930 | |
| 650 | 4 | _aPARTIDOS POLITICOS ARGENTINOS | |
| 653 | 0 | _aPERONISMO | |
| 653 | 0 | _aREFORMA UNIVERSITARIA | |
| 653 | 0 | _aRADICALISMO | |
| 700 | 1 | _aCharlier, Noemí | |
| 700 | 1 | _aGaruli, Liliana | |
| 942 | _cBK | ||
| 998 | _cmariana | ||
| 999 |
_c18279 _d18279 |
||